000 01179cam a2200325 a 4500
001 000018757
005 20200929165843.0
008 860304s1990 pr b 000 j spa d
035 _a(DLC) 85198902
040 _aDO-SdBNP
_bspa
_cDLC
_dDLC
_dBNPHU
082 _aPR863.44
_bC965p, 1990
245 0 0 _aCuentos puertorriqueños de hoy /
_cAbelardo Díaz Alfaro ... [et al.] ; prólogo, selección y notas de René Marqués ; editor Francisco M. Vázquez.
250 _a10a ed.
260 _aRio Piedras :
_bCultural,
_c1990.
300 _a287 p. ;
_c21 cm.
504 _aBibliografías: p. 39-45.
650 4 _aCuentos puertorriqueños
_9249
650 4 _aLiteratura puertorriqueña
_ySIGLO XX
_95311
700 1 _aDíaz Alfaro, Abelardo Milton,
_d1919-
_940475
700 1 _aGonzález, José Luis
_95327
700 1 _aSoto, Pedro Juan.
_940476
700 1 _aFigueroa, Edwin.
_940477
700 1 _aVivas, José Luis.
_940478
700 1 _aValcácer Díaz, Emilia .
_940479
700 1 _aJesús, Salvador de.
_940480
700 1 _aMarqués, René,
_epról.
_940481
700 1 _aVázquez, Francisco M.
_eed.
_921762
910 _aCatalogación derivada / LC
049 _aBNGR
999 _c18277
_d18277